000
00303nam a22001337a 4500
008
171031b xxu||||| |||| 00| 0 eng d
020
_a
9780393927016
041
_a
eng
080
_2
5TH
_a
33
100
_a
58
101
_a
BUS
245
_a
ECONOMICS OF THE ENVIRONMENT
_c
STAVINS,R.N
942
_2
udc
_c
BK
999
_c
36632
_d
36632